书目信息 |
| 题名: |
乌鸦
|
|
| 作者: | 坡 著 ;曹明伦 译 | |
| 分册: | ||
| 出版信息: | 南昌 江西人民出版社 2017 |
|
| 页数: | 439页 | |
| 开本: | 21cm | |
| 丛书名: | 果麦 | |
| 单 册: | ||
| 中图分类: | I712.24 , I712.44 | |
| 科图分类: | ||
| 主题词: | 诗集--shi ji--美国--近代 , 小说集--xiao shuo ji--美国--近代 | |
| 电子资源: | ||
| ISBN: | 978-7-210-09883-6 | |
| 000 | 01511nam 2200349 450 | |
| 001 | 012001010459 | |
| 005 | 20131102092815.0 | |
| 010 | @a978-7-210-09883-6@dCNY49.00 | |
| 099 | @aCAL 012018019928 | |
| 100 | @a20180117d2017 em y0chiy50 ea | |
| 101 | 1 | @achi@ceng |
| 102 | @aCN@b360000 | |
| 105 | @aa z 000zy | |
| 106 | @ar | |
| 200 | 1 | @a乌鸦@Awu ya@b专著@d= The raven@e爱伦·坡短篇小说精选@f(美) 埃德加·爱伦·坡(Edgar Allan Poe)著@g曹明伦译@zeng |
| 210 | @a南昌@c江西人民出版社@d2017 | |
| 215 | @a439页@c图@d21cm | |
| 225 | 2 | @a果麦@Aguo mai |
| 314 | @a埃德加·爱伦·坡 (Edgar Allan Poe) (1809-1849),诗人、小说家、文学评论家。出生于美国马塞诸塞州波士顿。被称为侦探小说鼻祖、科幻小说先驱和恐怖小说大师。 | |
| 314 | @a曹明伦,翻译家,学者,四川大学教授。已出版译作《爱伦·坡集》、《培根随笔集》等。 | |
| 330 | @a本书选择了作者最著名的诗歌《乌鸦》以及《瓶中手稿》《泄密的心》《丽姬娅》《椭圆形画像》《一桶蒙特亚白葡萄酒》《倒塌》《你就是凶手》《失去呼吸》《与一具木乃伊的谈话》等六十多篇小说,其中包括推理小说,侦探小说和幽默讽刺小说等。 | |
| 410 | 0 | @12001 @a果麦 |
| 510 | 1 | @aRaven@zeng |
| 517 | 1 | @a爱伦·坡短篇小说精选@Aai lun · po duan pian xiao shuo jing xuan |
| 606 | 0 | @a诗集@Ashi ji@y美国@z近代 |
| 606 | 0 | @a小说集@Axiao shuo ji@y美国@z近代 |
| 690 | @aI712.24@v5 | |
| 690 | @aI712.44@v5 | |
| 701 | 1 | @a坡@Apo@g(Poe, Edgar Allan),@f1809-1849)@4著 |
| 702 | 0 | @a曹明伦@Acao ming lun@4译 |
| 801 | 2 | @aCN@b上海新华@c20191020 |
| 905 | @b1181659-61@dI712.24@e1308@f3 | |
| 乌鸦= The raven:爱伦·坡短篇小说精选/(美) 埃德加·爱伦·坡(Edgar Allan Poe)著/曹明伦译.-南昌:江西人民出版社,2017 |
| 439页:图;21cm.-(果麦) |
| ISBN 978-7-210-09883-6:CNY49.00 |
| 本书选择了作者最著名的诗歌《乌鸦》以及《瓶中手稿》《泄密的心》《丽姬娅》《椭圆形画像》《一桶蒙特亚白葡萄酒》《倒塌》《你就是凶手》《失去呼吸》《与一具木乃伊的谈话》等六十多篇小说,其中包括推理小说,侦探小说和幽默讽刺小说等。 |
| ● |
| 相关链接 |
|
|
|
|
正题名:乌鸦
索取号:I712.24/1308
 
预约/预借
| 序号 | 登录号 | 条形码 | 馆藏地/架位号 | 状态 | 备注 |
| 1 | 1181659 | 211816597 | 第一样本阅览室/ [索取号:I712.24/1308] | 在馆 | |
| 2 | 1181660 | 211816604 | 第二借阅区/ [索取号:I712.24/1308] | 在馆 | |
| 3 | 1181661 | 211816613 | 第二借阅区/ [索取号:I712.24/1308] | 在馆 |